| 000 | 00685nam a2200157Ia 4500 | ||
|---|---|---|---|
| 008 | 130821s1940 xxu gr deng | ||
| 040 |
_aCo-BoUCM _bspa |
||
| 041 | _aeng | ||
| 100 |
_aStern, Philip Van Doren., Editor _9156033 |
||
| 245 |
_aThe life and writings of Abraham Lincoln _cEd., and with a biographical essay by Philip van Doren Stern; with an introduction "Lincoln in his writings" by Allan Nevins |
||
| 260 |
_aNueva York (Estados Unidos) _bThe Modern Library _c1940 |
||
| 300 | _a863 páginas | ||
| 600 |
_aLincoln, Abraham _cPresidente de los Estados Unidos _d1809-1865 _9156034 |
||
| 942 |
_cLIBRO _a19 _e1 _mL45S _2DEWEY _h923.173 |
||
| 999 |
_c15950 _d15950 |
||